Nordamerikanische Länder, die mindestens ein E im Namen haben - Statistiken

Allgemein
  • Dieses Quiz wurde 65 mal gespielt
  • Das Durchschnittsergebnis liegt bei 8 aus 9
Antworten auf der Karte
Die Antworten werden auf der Karte rot bzw. grün angezeigt, abhängig davon wie oft sie richtig erraten wurden.
 
Antwortstatistiken
Antwort % Korrekt
Mexiko
100%
Dominikanische Republik
96%
Vereinigte Staaten
96%
El Salvador
95%
Guatemala
89%
Belize
88%
Grenada
88%
St. Vincent und die Grenadinen
86%
St. Kitts und Nevis
74%
Keine übereinstimmenden Quizze gefunden
Verteilung der Resultate
Anzahl Personen mit jedem Resultat
Perzentil nach korrekt beantworteten Fragen
Ihre Resultats-Entwicklung
Sie haben dieses Quiz noch nicht gespielt